000 00594cab a2200217 4500
001 ABS44548
008 090401t1991 xxu||||| |||| 00| 0 eng d
035 _a(Sirsi) u47752
041 _aeng
100 _aSmith, Peter F.
245 _aConference report Twelfth Annual Rent Review Conference 11th June, 1990: II
260 _c1991
350 _a0
490 _aRent Review & Lease Renewal
_v11(3) Spring 1991, 241-248(8)
520 _aSINGLE MARKET
650 _aEUROPE
650 _aRENT REVIEWS
690 _aLANDLORD AND TENANT-RENT REVIEWS
942 _n0
948 _c04/03/1997
999 _c30084
_d30084